000 00796nam a2200241 i 4500
003 DO-SdBNP
005 20240301142136.0
006 a||||gr|||| 00| 0
007 ta
008 230419e1988 dr a|||gr|||| 000 e spa d
040 _aDO-SdBNP
_bspa
_cBNPHU
_erda
082 4 _222
_bB828c
100 1 _aBrea Franco, Julio,
_d1948-
_949163
245 1 3 _aEl ciudadano y el Congreso. /
_cTrabajo de Julio Brea Franco y José del Castillo;
264 3 1 _aSanto Domingo :
_bCámara de Diputados de la República Dominicana,
_c1988
300 _a93 [4] páginas :
_bIlustraciones ;
_c20 cm.
336 _2rdaconten
_atexto
_btxt
337 _2rdamedia
_asin medición
_bn
338 _2rdacarrier
_avolumen
_bnc
590 _aInventariado 2023 / MF
700 1 _92145
_aCastillo, José del
942 _2ddc
_cLBS1
999 _c53315
_d53315